000 00550nam a22001937a 4500
999 _c7208
_d7208
003 OSt
005 20210909151422.0
008 210909b ||||| |||| 00| 0 eng d
020 _a0443028486
040 _cDDC
082 _aQS4.P349C1985
100 _aPegington,John
_914819
245 _aThe vertebral column and limbs
_bClinical anatomy in action
_cEdited by Pegington,John;
260 _aNew York
_bChurchill Livingstone
_c1985
300 _avi,191p;
_bill;
_c25cm
504 _aIncludes; index
650 _aBiology
_95602
942 _2ddc
_cO_SHELF